| 000 | 00000nam##2200000za#4500 |
| 001 | 9.577700 |
| 003 | CaOODSP |
| 005 | 20210624185733 |
| 007 | cr ||||||||||| |
| 008 | 150406|1996||||xxc|||||o f|0| 0 eng|d |
| 040 | |aCaOODSP|beng |
| 043 | |an-cn--- |
| 086 | 1 |aEn49-24/1-11E-PDF |
| 110 | 1 |aCanada.|bEnvironment Canada. |bEnvironmental Technology Centre. |
| 245 | 10|aBiological test method - acute lethality test using Daphnia spp. / |h[electronic resource]|c[published by the] Method Development and Applications Unit. |
| 260 | |aOttawa - Ontario : |bEnvironment Canada. |cJuly 1990, with May 1996 amendments. |
| 300 | |a75p.|bfigs., glossary, graph, references, tables |
| 490 | 1 |aEnvironmental Protection series. [Reference methods]|vEPS 1/RM/11 |
| 500 | |aThe catalogue number (En49-24/1-11E) and ISBN (0-662-18076-3) for the print edition have been incorrectly copied in this electronic publication. |
| 546 | |a(Résumé en français). |
| 590 | |a14-01-Supp|b2014-01-07 |
| 775 | 08|tMéthode d'essai biologique - essai de létalité aiguë sur Daphnia spp. / |w(CaOODSP)9.606207 |
| 776 | 0#|tBiological test method: acute lethality test using Daphnia spp / |w(CaOODSP)9.608932 |
| 830 | #0|aEnvironmental Protection series. [Reference methods]|vEPS 1/RM/11|w(CaOODSP)9.504905 |
| 856 | 40|ahttp://publications.gc.ca|qPDF|s1.05 MB|uhttps://publications.gc.ca/collections/collection_2013/ec/En49-24-1-11-eng.pdf|yEPS 1/RM/11 |